The Use of ultrafiltration for removing interferences in the lowry microassay of extractable proteins in natural rubber latex gloves (Record no. 71148)

MARC details
000 -LEADER
fixed length control field 02098nam a2200241Ia 4500
100 ## - MAIN ENTRY--AUTHOR NAME
Personal name Mok K L
245 #4 - TITLE STATEMENT
Title The Use of ultrafiltration for removing interferences in the lowry microassay of extractable proteins in natural rubber latex gloves
260 ## - PUBLICATION, DISTRIBUTION, ETC. (IMPRINT)
Name of publisher Journal of Rubber Research
Year of publication 2001
300 ## - PHYSICAL DESCRIPTION
Number of Pages 17-27
520 ## - SUMMARY, ETC.
Summary, etc This study evaluates the use of ultra filtration in removing micro-solutes that might interfere in the Lowry microassay. Reference proteins, gloves extracts and 1, 3-diphenylguanidine were subjected to ultrafiltration using a commercial concentratoe, ahich has a membrane filter of 3kD molecular weight cutoff. Separated fractions were analysed for their reactivity by the MS 1392: 1998 Lowry microassay. Purified reference proteins with molecular weights greater than 3kD, showed high retentate recovery, which verified the efficacy of seperation of the ultrafiltration unit. Micro-solutes were evidently present in both the non-interfering and interfering glove extracts. Irrespective of their original extactable protein (EP) values, the micro-solute content for the non-interfering glove extracts was relatively constant at 28;. This is in contrast witht he marked variation observed for the interfering glove extracts. The ultrafiltration process caused an irrecoverable loss of approximately 5;- 6;. The total recovery was comparable for both the non-interfering and interfering glove samples. This indicates that the micro-solutes and/or their interfering components were not detrimental to the filter membrane, causing no obvious degradation of membrane integrity. Some samples may however, necessitate higher number of wash cycles to completely remove the interference and obtain accurate EP values.
650 ## - SUBJECT ADDED ENTRY--TOPICAL TERM
Topical Term Bovine serum albumin
650 ## - SUBJECT ADDED ENTRY--TOPICAL TERM
Topical Term Interference
650 ## - SUBJECT ADDED ENTRY--TOPICAL TERM
Topical Term Lowry microassay
650 ## - SUBJECT ADDED ENTRY--TOPICAL TERM
Topical Term Natural rubber gloves
650 ## - SUBJECT ADDED ENTRY--TOPICAL TERM
Topical Term Natural rubber latex
650 ## - SUBJECT ADDED ENTRY--TOPICAL TERM
Topical Term Proteins
650 ## - SUBJECT ADDED ENTRY--TOPICAL TERM
Topical Term RRIM 701
650 ## - SUBJECT ADDED ENTRY--TOPICAL TERM
Topical Term Ultrafiltration
700 ## - ADDED ENTRY--PERSONAL NAME
Personal name Lai P F
700 ## - ADDED ENTRY--PERSONAL NAME
Personal name Yip E
942 ## - ADDED ENTRY ELEMENTS (KOHA)
Koha item type Journals
Holdings
Withdrawn status Lost status Damaged status Not for loan Home library Current library Shelving location Date acquired Serial Enumeration / chronology Koha item type
      Journals RRII Library RRII Library Rubber chemistry 17/12/2021 Volume 4, Issue 1 Journals